000 00558nam a2200169 4500
001 138502
003 ES-MaACL
005 20230906195558.0
007 t|
008 070214s1951 sp r ||||1| spa d
100 1 _aSanmartín Perea, Julio.
_9103186
245 1 4 _aLos cien años del Círculo Mallorquín
_b: (1851-1951) /
_cJulio Sanmartín Perea.
250 _aEd. del centenario.
260 _aPalma de Mallorca :
_b[s. n.],
_c1951 (
_fImp. Mossèn Alcover)
300 _aVIII, 150 p., 9 lám. :
_bil. ;
_c17 cm.
852 _aES-MaACL
_jD-8153
_bR.32271
999 _c138502
_d138502